Państwa nad Morzem Południowochińskim z mapą - Statystyki

Ogólne statystyki
  • Ten quiz został rozwiązany 1 148 razy
  • Średni wynik to 9 z 10
Odpowiedzi na mapie
Odpowiedzi zakodowano w zielono-czerwonej skali na mapie do tego quizu, zgodnie z poniższymi procentami.
 
Statystyki odpowiedzi
Państwo % Poprawnych
Chiny
100%
Indonezja
98%
Wietnam
98%
Filipiny
96%
Tajlandia
96%
Malezja
94%
Singapur
93%
Tajwan
93%
Kambodża
92%
Brunei
84%
Nie znaleziono quizów pasujących do podanych kryteriów
Rozkład punktacji
Procent ludzi z każdym wynikiem
Percentyl według liczby udzielonych odpowiedzi
Twoja historia wyników
Nie rozwiązałeś tego quizu